[Event "4NCL Division Three Bishops"]
[Site "Telford, ENG"]
[Date "2024.02.11"]
[Round "6.11"]
[White "Agnew, Alan"]
[Black "Phan, Stefanus Kf"]
[Result "1/2-1/2"]
[WhiteElo "2161"]
[BlackElo "2195"]
[PlyCount "140"]
[EventDate "2024.02.11"]
[WhiteTeam "The Rookies"]
[BlackTeam "Oxford 2"]

1. d4 d5 2. c4 c6 3. Nf3 Nf6 4. Qc2 g6 5. Bf4 Bf5 6. Qb3 Qb6 7. e3 Nbd7 8. Nc3
Bg7 9. h3 O-O 10. Be2 h6 11. O-O g5 12. Bh2 Rfc8 13. Ne5 e6 14. Rfc1 Nxe5 15.
Bxe5 Nd7 16. Bxg7 Kxg7 17. cxd5 exd5 18. Na4 Qc7 19. Nc5 Nxc5 20. Rxc5 Qb6 21.
Qc3 a5 22. b3 Qb4 23. a3 Qxc3 24. Rxc3 Kf6 25. Rac1 Ke7 26. Kh2 Kd6 27. Kg3 Be6
28. b4 axb4 29. axb4 Bd7 30. h4 Ra2 31. R3c2 Rca8 32. hxg5 hxg5 33. Bh5 f6 34.
Bg6 R8a3 35. Rxa2 Rxa2 36. Rb1 f5 37. Rb3 Ke7 38. Bh5 Rd2 39. Rb1 Kf6 40. Bd1
f4+ 41. exf4 Bf5 42. Ra1 Rxd4 43. fxg5+ Kxg5 44. b5 cxb5 45. Bf3 Kf6 46. Ra2
Ke5 47. Rb2 b4 48. Be2 Bd7 49. f3 Ba4 50. Kf2 b3 51. Ke3 Rb4 52. g3 Bc6 53. f4+
Kf6 54. Bd3 Bd7 55. Kd2 d4 56. Bc2 Be6 57. g4 d3 58. g5+ Kf5 59. Bxd3+ Kxf4 60.
g6 Rb6 61. Kc3 Rc6+ 62. Kd4 Rd6+ 63. Kc3 Kg5 64. Rg2+ Kf6 65. g7 Bg8 66. Bb1
Rc6+ 67. Kb2 Rc7 68. Bh7 Bxh7 69. g8=Q Bxg8 70. Rxg8 Rg7 1/2-1/2

[Event "4NCL Division Three Bishops"]
[Site "Telford, ENG"]
[Date "2024.02.11"]
[Round "6.12"]
[White "Pozimski, Szymon"]
[Black "Byron, Alan M"]
[Result "1-0"]
[WhiteElo "2123"]
[BlackElo "2118"]
[PlyCount "61"]
[EventDate "2024.02.11"]
[WhiteTeam "Oxford 2"]
[BlackTeam "The Rookies"]

1. Nf3 Nf6 2. c4 g6 3. d4 Bg7 4. Nc3 O-O 5. Bg5 h6 6. Bh4 d6 7. e3 Nbd7 8. Be2
c6 9. O-O Re8 10. Qc2 e5 11. Rfd1 Qc7 12. Rac1 Nf8 13. b4 Bf5 14. Qa4 Ne4 15.
Nxe4 Bxe4 16. Bg3 Qe7 17. dxe5 dxe5 18. Nd2 Bf5 19. c5 h5 20. h3 h4 21. Bh2 Be6
22. Ne4 b5 23. Qa6 Qc7 24. Nd6 Reb8 25. Bf3 Bd7 26. a4 bxa4 27. b5 Ne6 28. bxc6
Bc8 29. Qxa4 a6 30. Qxh4 Nd8 31. Ne8 1-0

[Event "4NCL Division Three Bishops"]
[Site "Telford, ENG"]
[Date "2024.02.11"]
[Round "6.13"]
[White "Okhai, Shabir"]
[Black "Brackmann, Hendrik"]
[Result "1/2-1/2"]
[WhiteElo "2104"]
[BlackElo "2101"]
[PlyCount "65"]
[EventDate "2024.02.11"]
[WhiteTeam "The Rookies"]
[BlackTeam "Oxford 2"]

1. e4 e6 2. d4 d5 3. Nc3 Nf6 4. e5 Nfd7 5. f4 c5 6. Nf3 Nc6 7. Be3 cxd4 8. Nxd4
Qb6 9. Qd2 Qxb2 10. Rb1 Qa3 11. Bb5 Nxd4 12. Bxd4 a6 13. Bxd7+ Bxd7 14. Rb3 Qe7
15. Rxb7 Qh4+ 16. Bf2 Qd8 17. Bb6 Qc8 18. Rc7 Qd8 19. Rb7 Qc8 20. Rc7 Qd8 21.
Qd4 Ba3 22. Nb1 Be7 23. c4 O-O 24. O-O Rc8 25. Rxc8 Qxc8 26. cxd5 exd5 27. Nc3
Qc6 28. Nxd5 Ba3 29. Rf3 Qc1+ 30. Kf2 Qc2+ 31. Kg3 Qg6+ 32. Kf2 Qc2+ 33. Kg3
1/2-1/2

[Event "4NCL Division Three Bishops"]
[Site "Telford, ENG"]
[Date "2024.02.11"]
[Round "6.14"]
[White "Wilson, Edgar"]
[Black "Burrows, Martin P"]
[Result "0-1"]
[WhiteElo "1973"]
[BlackElo "2132"]
[PlyCount "160"]
[EventDate "2024.02.11"]
[WhiteTeam "Oxford 2"]
[BlackTeam "The Rookies"]

1. e4 c5 2. Nf3 d6 3. d4 cxd4 4. Nxd4 Nf6 5. Nc3 a6 6. Be2 e5 7. Nb3 Be7 8. O-O
O-O 9. Be3 Be6 10. Qd2 Nbd7 11. a4 Nb6 12. a5 Nc4 13. Bxc4 Bxc4 14. Rfd1 Rc8
15. f3 Rc6 16. Nc1 d5 17. exd5 Nxd5 18. Nxd5 Bxd5 19. Nd3 Qb8 20. Nb4 Bxb4 21.
Qxb4 Be6 22. c3 Bf5 23. Rd2 Re8 24. Rd5 Qc8 25. Rad1 h6 26. Rd6 Rxd6 27. Qxd6
e4 28. f4 Qc4 29. Qd2 Bg4 30. Re1 Qb5 31. b4 Be6 32. Bd4 Bc4 33. Re3 f5 34. Rg3
Re7 35. Qe3 Kh7 36. h4 Be2 37. Qf2 Bg4 38. Re3 Rd7 39. Qe1 Qc4 40. Qd2 Kg8 41.
Re1 Kf7 42. Qe3 Kg6 43. Kh2 Kh5 44. Kg3 Rd6 45. Qf2 Rg6 46. Kh2 Qc7 47. Rc1 Qd8
48. g3 Qd7 49. Rc2 Rd6 50. Rd2 Qb5 51. Bxg7 Rxd2 52. Qxd2 Qf1 53. Qg2 Qd3 54.
Qa2 Qd7 55. Bd4 Bd1 56. Qd2 Qa4 57. Be3 Kg4 58. Qg2 Kh5 59. Qd2 Qb3 60. Bd4 Bf3
61. Be3 Qb1 62. Bg1 Qf1 63. Qf2 Qc1 64. Qe3 Qc2+ 65. Bf2 Kg4 66. Qe1 Be2 67.
Kg1 Kf3 68. Bd4 e3 69. Bxe3 Kxe3 70. Qf2+ Kd2 71. Qd4+ Kc1 72. c4 Bxc4 73. Qa1+
Kd2 74. Qd4+ Bd3 75. Qf2+ Kc3 76. Qc5+ Kb3 77. Qd5+ Kxb4 78. Qxb7+ Kxa5 79.
Qd5+ Kb4 80. Qd6+ Qc5+ 0-1

[Event "4NCL Division Three Bishops"]
[Site "Telford, ENG"]
[Date "2024.02.11"]
[Round "6.15"]
[White "Compton, Alistair"]
[Black "Blinov, Roman"]
[Result "1-0"]
[WhiteElo "2108"]
[BlackElo "1977"]
[PlyCount "89"]
[EventDate "2024.02.11"]
[WhiteTeam "The Rookies"]
[BlackTeam "Oxford 2"]

1. e4 c6 2. Nf3 d5 3. exd5 cxd5 4. Ne5 Nd7 5. d4 Nxe5 6. dxe5 e6 7. Bd3 Bc5 8.
O-O Ne7 9. c3 Ng6 10. Re1 O-O 11. b4 Bb6 12. Qh5 Qh4 13. Qxh4 Nxh4 14. Be3 Bxe3
15. Rxe3 Nf5 16. Bxf5 exf5 17. Nd2 Be6 18. Nb3 Rac8 19. f4 Rc4 20. Nd4 Bd7 21.
Rd1 Rfc8 22. Ne2 Be6 23. Rd4 Kf8 24. Red3 Ke7 25. Kf2 a5 26. a3 g6 27. Rxc4
Rxc4 28. Rd4 axb4 29. Rxc4 dxc4 30. axb4 f6 31. exf6+ Kxf6 32. Ke3 g5 33. g3
gxf4+ 34. Nxf4 Bf7 35. Kd4 Kg5 36. h3 h5 37. Ke5 Bg8 38. b5 b6 39. Ng2 Bf7 40.
Ne3 Be8 41. h4+ Kg6 42. Nxc4 Bxb5 43. Nxb6 Bd3 44. Nc8 Bb5 45. Ne7+ 1-0

[Event "4NCL Division Three Bishops"]
[Site "Telford, ENG"]
[Date "2024.02.11"]
[Round "6.16"]
[White "Foster, Timothy"]
[Black "Gibson, Christopher A"]
[Result "1-0"]
[WhiteElo "1975"]
[BlackElo "1910"]
[PlyCount "83"]
[EventDate "2024.02.11"]
[WhiteTeam "Oxford 2"]
[BlackTeam "The Rookies"]

1. Nf3 d5 2. c4 dxc4 3. e4 c5 4. Bxc4 Nc6 5. O-O Nf6 6. Nc3 e6 7. Bb5 Bd7 8.
Bxc6 Bxc6 9. Ne5 Qc7 10. Nxc6 Qxc6 11. d3 Be7 12. Be3 O-O 13. Rc1 Rfd8 14. Qe2
c4 15. dxc4 Nxe4 16. Nxe4 Qxe4 17. Qc2 Qc6 18. Rfd1 Bc5 19. Bxc5 Qxc5 20. Rxd8+
Rxd8 21. Rd1 Rxd1+ 22. Qxd1 h6 23. Qd8+ Kh7 24. Qd3+ Kg8 25. h3 Qb4 26. Qd4 b6
27. b3 Qe1+ 28. Kh2 Qe2 29. b4 e5 30. Qc3 e4 31. Qd4 Qxa2 32. c5 bxc5 33. bxc5
Qc2 34. Qd6 Qxf2 35. c6 e3 36. c7 e2 37. c8=Q+ Kh7 38. Qc2+ f5 39. Qcc6 e1=Q
40. Qg6+ Kg8 41. Qc8+ Qe8 42. Qcxe8# 1-0

[Event "4NCL Division Three Bishops"]
[Site "Telford, ENG"]
[Date "2024.02.11"]
[Round "6.21"]
[White "Howell, Chris I"]
[Black "Madden, Paul"]
[Result "0-1"]
[WhiteElo "1804"]
[BlackElo "2106"]
[PlyCount "66"]
[EventDate "2024.02.11"]
[WhiteTeam "Sussex Martlets 3"]
[BlackTeam "Ashfield 1"]

1. e4 e6 2. Nf3 d5 3. e5 c5 4. b4 c4 5. c3 a5 6. b5 f6 7. d4 Nd7 8. Qe2 fxe5 9.
Nxe5 Ngf6 10. Nxc4 dxc4 11. Qxe6+ Qe7 12. Bxc4 Qxe6+ 13. Bxe6 Nb6 14. Bb3 a4
15. Bd1 Bd7 16. O-O Bxb5 17. Re1+ Kf7 18. Na3 Bxa3 19. Bxa3 Rhe8 20. Bf3 Rxe1+
21. Rxe1 Nbd5 22. g4 Rc8 23. Re5 Rxc3 24. Bxd5+ Nxd5 25. Rxd5 Bc6 26. Rf5+ Kg6
27. d5 Bd7 28. Bf8 Bxf5 29. gxf5+ Kxf5 30. Bxg7 Ra3 31. f4 Rxa2 32. d6 Rd2 33.
Be5 Ke6 0-1

[Event "4NCL Division Three Bishops"]
[Site "Telford, ENG"]
[Date "2024.02.11"]
[Round "6.22"]
[White "Cumbers, Paul"]
[Black "Nguyen, Anh"]
[Result "1-0"]
[WhiteElo "2114"]
[BlackElo "1782"]
[PlyCount "103"]
[EventDate "2024.02.11"]
[WhiteTeam "Ashfield 1"]
[BlackTeam "Sussex Martlets 3"]

1. e4 c5 2. Nc3 a6 3. Nge2 b5 4. d4 cxd4 5. Nxd4 Bb7 6. Bg5 h6 7. Bh4 g5 8. Bg3
Bg7 9. h4 Qb6 10. e5 e6 11. hxg5 b4 12. Nce2 Nc6 13. f4 hxg5 14. Rxh8 Bxh8 15.
Bf2 Qc7 16. Qd2 gxf4 17. Nxc6 Bxc6 18. O-O-O Bxe5 19. Bd4 a5 20. Bxe5 Qxe5 21.
Nxf4 Rb8 22. Re1 Qc5 23. Kb1 a4 24. Nd3 Qe7 25. Ne5 Bd5 26. Bc4 Nf6 27. Bxd5
Nxd5 28. Rh1 Qf6 29. Qe1 d6 30. Nc4 Kd7 31. Rf1 Qg7 32. Qf2 Rf8 33. Qa7+ Kc6
34. Qxa4+ Kc5 35. Na5 Qxg2 36. Qc6+ Kd4 37. Rd1+ Ke5 38. Nc4+ Kf6 39. Qxd6 Qe2
40. Rxd5 Qxc4 41. Rd4 Qf1+ 42. Rd1 Qf3 43. Qd4+ e5 44. Qd6+ Kf5 45. Re1 Re8 46.
Qd7+ Re6 47. Qxf7+ Rf6 48. Qd7+ Re6 49. Qh7+ Kg5 50. Rg1+ Kf6 51. Rg6+ Kf5 52.
Rg3+ 1-0

[Event "4NCL Division Three Bishops"]
[Site "Telford, ENG"]
[Date "2024.02.11"]
[Round "6.23"]
[White "Woods, Timothy J"]
[Black "Coates, David H"]
[Result "0-1"]
[WhiteElo "1665"]
[BlackElo "2031"]
[PlyCount "46"]
[EventDate "2024.02.11"]
[WhiteTeam "Sussex Martlets 3"]
[BlackTeam "Ashfield 1"]

1. e4 c5 2. Nf3 d6 3. d4 cxd4 4. Nxd4 Nf6 5. Nc3 a6 6. f4 e5 7. Nf3 Nbd7 8. a4
Be7 9. Bd3 O-O 10. O-O Nc5 11. Kh1 exf4 12. Bxf4 Bg4 13. Qe1 Bh5 14. h3 Bg6 15.
b4 Nxd3 16. cxd3 Rc8 17. Rb1 Qc7 18. Bd2 Rfe8 19. Nh4 Qd7 20. Nxg6 hxg6 21. Bg5
Qe6 22. Qd2 Nh5 23. Rf3 Bxg5 0-1

[Event "4NCL Division Three Bishops"]
[Site "Telford, ENG"]
[Date "2024.02.11"]
[Round "6.24"]
[White "Mossong, Hubert"]
[Black "Chapman, Luke"]
[Result "1/2-1/2"]
[WhiteElo "2067"]
[BlackElo "1620"]
[PlyCount "81"]
[EventDate "2024.02.11"]
[WhiteTeam "Ashfield 1"]
[BlackTeam "Sussex Martlets 3"]

1. e4 e6 2. d3 d5 3. Nd2 Nf6 4. g3 c5 5. Bg2 Nc6 6. Ngf3 Be7 7. O-O O-O 8. e5
Nd7 9. Re1 Qc7 10. Qe2 b5 11. Nf1 b4 12. h4 a5 13. Bf4 a4 14. N1h2 a3 15. b3
Ba6 16. Qd2 c4 17. d4 Na5 18. Bg5 Bxg5 19. hxg5 cxb3 20. cxb3 Qc3 21. Qf4 Nxb3
22. axb3 Qxb3 23. Nd2 Qa4 24. Re3 Rab8 25. Nb3 Bc4 26. Qf3 Rfc8 27. Nf1 a2 28.
Nfd2 Bxb3 29. Nxb3 Rc3 30. Qd1 Rbc8 31. Bf3 Rxe3 32. fxe3 Rc3 33. Nc1 b3 34.
Nxb3 Qxb3 35. Qxb3 Rxb3 36. Rxa2 Rxe3 37. Kf2 Rd3 38. Ra8+ Nf8 39. Ra4 g6 40.
Be2 Rb3 41. Ra7 1/2-1/2

[Event "4NCL Division Three Bishops"]
[Site "Telford, ENG"]
[Date "2024.02.11"]
[Round "6.25"]
[White "Finlay, Liam"]
[Black "Garnett, John S"]
[Result "0-1"]
[WhiteElo "1419"]
[BlackElo "1950"]
[PlyCount "80"]
[EventDate "2024.02.11"]
[WhiteTeam "Sussex Martlets 3"]
[BlackTeam "Ashfield 1"]

1. e4 d5 2. exd5 Nf6 3. d4 Bg4 4. f3 Bf5 5. g4 Bg6 6. c4 e6 7. Nc3 c5 8. g5
cxd4 9. Nb5 Nfd7 10. d6 Na6 11. Ne2 Ne5 12. Nexd4 Bxd6 13. f4 Bb4+ 14. Bd2 Nc6
15. Bxb4 Naxb4 16. Nxc6 bxc6 17. Qxd8+ Rxd8 18. Na3 Rd4 19. Bg2 Nd3+ 20. Kf1
Rxf4+ 21. Kg1 Rg4 22. Kf1 Rxg2 23. Kxg2 Be4+ 24. Kg1 Bxh1 25. Kxh1 Ke7 26. Kg2
Rd8 27. Kf3 Nxb2 28. Rb1 Rd2 29. h4 f6 30. c5 e5 31. Ke3 Rd3+ 32. Ke2 Rxa3 33.
Rxb2 Ke6 34. Rb7 Rxa2+ 35. Kf3 fxg5 36. Rxg7 gxh4 37. Rxh7 h3 38. Ke4 Ra4+ 39.
Kf3 Kd5 40. Rh5 Rc4 0-1

[Event "4NCL Division Three Bishops"]
[Site "Telford, ENG"]
[Date "2024.02.11"]
[Round "6.26"]
[White "Hardman, Daniel"]
[Black "Chapman, Mike"]
[Result "1-0"]
[WhiteElo "1858"]
[BlackElo "1102"]
[PlyCount "55"]
[EventDate "2024.02.11"]
[WhiteTeam "Ashfield 1"]
[BlackTeam "Sussex Martlets 3"]

1. e4 e6 2. d4 d5 3. Nd2 dxe4 4. Nxe4 Bd7 5. Nf3 Bc6 6. Bd3 Nd7 7. c3 Ngf6 8.
Bg5 Be7 9. Nxf6+ Bxf6 10. Bf4 Bxf3 11. Qxf3 c6 12. O-O Qb6 13. Bd6 Qxb2 14.
Rab1 Qxc3 15. Rxb7 Be7 16. Bxe7 Kxe7 17. Rxd7+ Kxd7 18. Qxf7+ Kd6 19. Qf4+ Ke7
20. Rb1 Rad8 21. Rb7+ Rd7 22. Qg5+ Ke8 23. Rb8+ Kf7 24. Qf4+ Ke7 25. Rxh8 Rd8
26. Qg5+ Kf7 27. Rxd8 Qxd3 28. Rd7+ 1-0

[Event "4NCL Division Three Bishops"]
[Site "Telford, ENG"]
[Date "2024.02.11"]
[Round "6.31"]
[White "Paterson, Andrew I"]
[Black "Burnett, Jim"]
[Result "1-0"]
[WhiteElo "2145"]
[BlackElo "2114"]
[PlyCount "65"]
[EventDate "2024.02.11"]
[WhiteTeam "Warwickshire Select 2"]
[BlackTeam "Chessable White Rose 3"]

1. d4 d5 2. c4 e6 3. Nc3 Be7 4. Nf3 Nf6 5. Bg5 h6 6. Bh4 O-O 7. e3 b6 8. Be2
Bb7 9. O-O Nbd7 10. Rc1 c5 11. cxd5 Nxd5 12. Bg3 cxd4 13. Nxd4 Nc5 14. Nxd5
Bxd5 15. b4 Ne4 16. Bc7 Qc8 17. f3 Nf6 18. e4 Bb7 19. Bxb6 axb6 20. Rxc8 Rfxc8
21. Qb3 g6 22. Nxe6 fxe6 23. Qxe6+ Kf8 24. Bc4 Rxc4 25. Qxc4 Ba6 26. b5 Bc5+
27. Kh1 Bb7 28. Rd1 Re8 29. a4 g5 30. a5 Kg7 31. axb6 Bxb6 32. Qc3 Re7 33. Rd6
1-0

[Event "4NCL Division Three Bishops"]
[Site "Telford, ENG"]
[Date "2024.02.11"]
[Round "6.32"]
[White "Walton, Alan J"]
[Black "Pal, Rohan"]
[Result "0-1"]
[WhiteElo "2139"]
[BlackElo "2123"]
[PlyCount "90"]
[EventDate "2024.02.11"]
[WhiteTeam "Chessable White Rose 3"]
[BlackTeam "Warwickshire Select 2"]

1. d4 Nf6 2. Bg5 e6 3. e4 h6 4. Bxf6 Qxf6 5. Nc3 d6 6. Bd3 Nc6 7. Nge2 g5 8.
O-O Bg7 9. d5 Ne5 10. Bb5+ Bd7 11. f4 gxf4 12. Nxf4 Qe7 13. dxe6 fxe6 14. Qh5+
Kd8 15. Rad1 c6 16. Be2 Kc7 17. b4 Qg5 18. Qh3 Rae8 19. b5 c5 20. b6+ axb6 21.
Nb5+ Bxb5 22. Bxb5 Ng4 23. Bxe8 Rxe8 24. Ne2 Be5 25. Rf7+ Kb8 26. Rdf1 Bxh2+
27. Kh1 Be5 28. Ng1 Qg6 29. Qb3 Nf6 30. R7xf6 Bxf6 31. Qxb6 Be5 32. Nf3 Rg8 33.
Rf2 Qxe4 34. Qb3 Bd4 35. Rd2 Rg3 36. Rxd4 cxd4 37. Qb6 Qd5 38. a4 Rxf3 39. gxf3
Qxf3+ 40. Kh2 Qf2+ 41. Kh3 Qf5+ 42. Kg3 Qd5 43. Kh3 Qf5+ 44. Kh4 Qc5 45. Qd8+
Ka7 0-1

[Event "4NCL Division Three Bishops"]
[Site "Telford, ENG"]
[Date "2024.02.11"]
[Round "6.33"]
[White "Vaidyanathan, Adithya"]
[Black "Wills, Tom"]
[Result "1-0"]
[WhiteElo "2186"]
[BlackElo "2155"]
[PlyCount "105"]
[EventDate "2024.02.11"]
[WhiteTeam "Warwickshire Select 2"]
[BlackTeam "Chessable White Rose 3"]

1. Nf3 c5 2. c3 d5 3. d4 cxd4 4. cxd4 Nf6 5. Nc3 Nc6 6. Bf4 a6 7. e3 Bg4 8. Be2
e6 9. O-O Bd6 10. Bxd6 Qxd6 11. Na4 Nd7 12. Rc1 O-O 13. Nc5 Nxc5 14. dxc5 Qe7
15. Nd4 Nxd4 16. exd4 Bxe2 17. Qxe2 Rfc8 18. f4 Qd7 19. Rf3 Qa4 20. Qd2 Rc7 21.
Ra3 Qc6 22. Rb3 Qa4 23. Qb4 Qxb4 24. Rxb4 Kf8 25. Kf2 Ke7 26. Rb6 Kd7 27. f5
Re8 28. Re1 Kc8 29. fxe6 fxe6 30. Rbxe6 Rf7+ 31. Kg3 Rd8 32. Re7 Rd7 33. Rxd7
Kxd7 34. a4 Rf6 35. b4 Rg6+ 36. Kf3 Rf6+ 37. Ke3 Rh6 38. h3 Re6+ 39. Kf2 Rf6+
40. Kg3 Rg6+ 41. Kh2 Rf6 42. Re5 Kc6 43. Kg3 Rg6+ 44. Kf2 Rf6+ 45. Ke2 Rg6 46.
g4 Rf6 47. Re7 Rh6 48. Re3 Rf6 49. Kd3 Rh6 50. g5 Rg6 51. Re5 h6 52. h4 hxg5
53. hxg5 1-0

[Event "4NCL Division Three Bishops"]
[Site "Telford, ENG"]
[Date "2024.02.11"]
[Round "6.34"]
[White "Gostelow, Luke"]
[Black "Mason, Donald J"]
[Result "0-1"]
[WhiteElo "2007"]
[BlackElo "2066"]
[PlyCount "140"]
[EventDate "2024.02.11"]
[WhiteTeam "Chessable White Rose 3"]
[BlackTeam "Warwickshire Select 2"]

1. d4 Nf6 2. c4 g6 3. Nc3 d5 4. cxd5 Nxd5 5. e4 Nxc3 6. bxc3 Bg7 7. Bc4 c5 8.
Ne2 Nc6 9. Be3 O-O 10. O-O Bg4 11. f3 Bd7 12. Qd2 Qc7 13. Rac1 Rad8 14. Bf4 e5
15. Bg5 Rde8 16. d5 Na5 17. Bd3 c4 18. Bc2 b5 19. Kh1 Nb7 20. Ra1 f6 21. Be3
Nc5 22. Ng3 a5 23. Qf2 Rc8 24. Rfb1 Rf7 25. a4 Bf8 26. axb5 Rb8 27. Nf1 Rxb5
28. Nd2 Nb7 29. Rxb5 Bxb5 30. Rb1 Qd7 31. Qf1 a4 32. Nxc4 a3 33. Bd3 Bxc4 34.
Bxc4 Nd6 35. Ba2 f5 36. exf5 Qxf5 37. Qc1 Qd3 38. Bc5 e4 39. Bxd6 exf3 40. Qf1
fxg2+ 41. Qxg2 Bxd6 42. c4 Re7 43. c5 Qxb1+ 44. Bxb1 Re1+ 45. Qg1 Rxg1+ 46.
Kxg1 Bxc5+ 47. Kg2 Kg7 48. Kf3 Kf6 49. Ba2 Kg5 50. Bb3 Kh4 51. Kg2 Kg4 52. Ba2
g5 53. Bb1 h5 54. Ba2 Kf4 55. Bb3 g4 56. Ba2 h4 57. h3 g3 58. Bb1 Ke3 59. Ba2
Bd6 60. Bb1 Kd2 61. Kf3 Kc1 62. Ba2 Kb2 63. Bc4 a2 64. Bxa2 Kxa2 65. Ke2 Kb3
66. Kf3 Kc3 67. Ke3 Kc4 68. Ke2 Kd4 69. Kf3 Kd3 70. Kg2 Ke2 0-1

[Event "4NCL Division Three Bishops"]
[Site "Telford, ENG"]
[Date "2024.02.11"]
[Round "6.35"]
[White "Baer, Bruce L"]
[Black "Huk, Andrii"]
[Result "1-0"]
[WhiteElo "2084"]
[BlackElo "1882"]
[PlyCount "75"]
[EventDate "2024.02.11"]
[WhiteTeam "Warwickshire Select 2"]
[BlackTeam "Chessable White Rose 3"]

1. d3 e6 2. Nf3 d5 3. g3 Nf6 4. Bg2 Be7 5. O-O a5 6. Nbd2 a4 7. a3 c5 8. e4 h6
9. e5 Nh7 10. Re1 Nc6 11. h4 Bd7 12. c3 b5 13. h5 Qc7 14. Nf1 b4 15. Bf4 bxc3
16. bxc3 O-O 17. Ne3 Kh8 18. Ra2 Qa5 19. c4 d4 20. Ng4 Rfb8 21. Nd2 Bf8 22. Be4
Ng5 23. Bxg5 hxg5 24. Qf3 Nd8 25. h6 gxh6 26. Kg2 f5 27. exf6 Nf7 28. Bg6 Qc7
29. Bxf7 Bc6 30. Ne4 Qxf7 31. Ne5 Qe8 32. f7 Bxe4 33. Qxe4 Qc8 34. Qg6 Bg7 35.
Rh1 Qb7+ 36. Nf3 Qxf7 37. Qxf7 e5 38. Nxg5 1-0

[Event "4NCL Division Three Bishops"]
[Site "Telford, ENG"]
[Date "2024.02.11"]
[Round "6.36"]
[White "Holroyd-Doveton, Nathaniel"]
[Black "Sandhu, Manvith"]
[Result "0-1"]
[WhiteElo "1706"]
[BlackElo "2061"]
[PlyCount "78"]
[EventDate "2024.02.11"]
[WhiteTeam "Chessable White Rose 3"]
[BlackTeam "Warwickshire Select 2"]

1. c4 c6 2. e4 d5 3. cxd5 cxd5 4. exd5 Nf6 5. Nc3 Nxd5 6. d4 Nc6 7. Nf3 g6 8.
Bc4 Nb6 9. Bb3 Na5 10. Bc2 Bg4 11. Be3 Bg7 12. O-O O-O 13. Re1 Qd7 14. h3 Bf5
15. Bxf5 Qxf5 16. Qe2 Nc6 17. a3 Rfe8 18. Rad1 Rad8 19. Qb5 Qxb5 20. Nxb5 Nd5
21. Nc3 Nxc3 22. bxc3 Na5 23. Bf4 Rc8 24. Rb1 b6 25. Rec1 e6 26. a4 Rc4 27. Rb4
Rec8 28. Bd2 Bf8 29. Rxc4 Rxc4 30. Ra1 Nb3 31. Ra2 Nxd2 32. Nxd2 Rxc3 33. a5 b5
34. Ne4 Rd3 35. Rc2 Rxd4 36. Nf6+ Kg7 37. Ng4 Rd1+ 38. Kh2 Ra1 39. Rc7 Bd6+ 0-1

[Event "4NCL Division Three Bishops"]
[Site "Telford, ENG"]
[Date "2024.02.11"]
[Round "6.41"]
[White "Ogunshola, Ben"]
[Black "Duncan, Patrick C M"]
[Result "1/2-1/2"]
[WhiteElo "2027"]
[BlackElo "2100"]
[PlyCount "39"]
[EventDate "2024.02.11"]
[WhiteTeam "Brown Jack"]
[BlackTeam "The MASCeteers"]

1. c4 Nf6 2. Nf3 e6 3. g3 b6 4. Bg2 Bb7 5. O-O c5 6. Nc3 Be7 7. b3 d6 8. d4
cxd4 9. Qxd4 O-O 10. Bb2 a6 11. Rac1 Nbd7 12. Rfd1 Qc7 13. Ng5 Bxg2 14. Kxg2
Rfd8 15. f3 Bf8 16. Nce4 h6 17. Nxf6+ Nxf6 18. Ne4 Nxe4 19. Qxe4 Rab8 20. Rd3
1/2-1/2

[Event "4NCL Division Three Bishops"]
[Site "Telford, ENG"]
[Date "2024.02.11"]
[Round "6.42"]
[White "Hazlehurst, Cory S"]
[Black "Gordon, Sean"]
[Result "1/2-1/2"]
[WhiteElo "2094"]
[BlackElo "1941"]
[PlyCount "119"]
[EventDate "2024.02.11"]
[WhiteTeam "The MASCeteers"]
[BlackTeam "Brown Jack"]

1. d4 d5 2. Nf3 Nf6 3. c4 c6 4. Qc2 g6 5. Bf4 Bg7 6. e3 O-O 7. h3 Na6 8. a3
Qa5+ 9. Qc3 Qd8 10. Nbd2 c5 11. Be5 cxd4 12. Bxd4 Nc7 13. c5 Bd7 14. Ne5 Bb5
15. Ng4 Bxf1 16. Kxf1 Nb5 17. Nxf6+ Bxf6 18. Qd3 Nxd4 19. exd4 b6 20. b4 bxc5
21. bxc5 Qa5 22. Rb1 Qa4 23. Nf3 Rfb8 24. Ke2 a6 25. Rb6 Rxb6 26. cxb6 Rb8 27.
Rb1 Qc6 28. Qxa6 Qc2+ 29. Nd2 Bxd4 30. b7 Bxf2 31. Kxf2 Qxd2+ 32. Kg1 Qc2 33.
Rb4 d4 34. Rxd4 Qc5 35. Qc4 Qxc4 36. Rxc4 Rxb7 37. a4 Ra7 38. Kf2 f5 39. Ke3 e5
40. Rc5 Rxa4 41. Rxe5 Kf7 42. Rb5 Kf6 43. Kf3 h5 44. g3 Ra3+ 45. Kg2 Kg5 46.
h4+ Kf6 47. Rb6+ Kg7 48. Rb7+ Kh6 49. Rf7 Ra8 50. Kf3 Rg8 51. Kf4 Rg7 52. Rf8
Re7 53. Kf3 Kg7 54. Ra8 Kf6 55. Rf8+ Ke5 56. Rg8 Re6 57. Rg7 Ra6 58. Re7+ Kf6
59. Re8 Ra3+ 60. Kg2 1/2-1/2

[Event "4NCL Division Three Bishops"]
[Site "Telford, ENG"]
[Date "2024.02.11"]
[Round "6.43"]
[White "Conterno, Dominique"]
[Black "Kukreja, Karan"]
[Result "0-1"]
[WhiteElo "1839"]
[BlackElo "1866"]
[PlyCount "148"]
[EventDate "2024.02.11"]
[WhiteTeam "Brown Jack"]
[BlackTeam "The MASCeteers"]

1. e4 c6 2. d3 d5 3. Nd2 Nf6 4. Ngf3 Bg4 5. h3 Bh5 6. Be2 e6 7. O-O Qc7 8. e5
Nfd7 9. d4 c5 10. c3 a6 11. Re1 Nc6 12. Nf1 cxd4 13. cxd4 Bb4 14. Bd2 Bxf3 15.
Bxf3 Qb6 16. Bc3 Bxc3 17. bxc3 O-O 18. Rb1 Qc7 19. Re3 b5 20. Be2 Nb6 21. Bd3
Rfc8 22. Rg3 Qe7 23. Ne3 g6 24. Ng4 Qh4 25. Nf6+ Kf8 26. Qd2 Kg7 27. Rg4 Qh6
28. f4 Kf8 29. Qf2 Qg7 30. Qh4 Ne7 31. Nxh7+ Ke8 32. Nf6+ Kd8 33. f5 exf5 34.
Rg3 Rxc3 35. Re1 Rc6 36. Qg5 Kc7 37. Bxf5 Nxf5 38. Qxf5 Qf8 39. Qf3 Rd8 40. Nh7
Qb4 41. Qf2 Re8 42. Ng5 f5 43. Rb3 Qc4 44. Nf7 Qc2 45. Rb2 Qxf2+ 46. Rxf2 Re7
47. Ng5 Rc4 48. Rf4 Nd7 49. Kf1 Nxe5 50. Rd1 Nc6 51. Rd2 Kd7 52. g4 fxg4 53.
hxg4 a5 54. Kf2 Nb4 55. Rf6 Rc2 56. Rxc2 Nxc2 57. Nf3 Re6 58. Rxe6 Kxe6 59. Ke2
Nb4 60. a4 bxa4 61. Kd2 Kf6 62. Kc1 a3 63. Kb1 a2+ 64. Ka1 a4 65. Kb2 a3+ 66.
Ka1 Kf7 67. Ne5+ Kg7 68. Nf3 Kf6 69. Ne5 Kg5 70. Nxg6 Kxg6 71. g5 Nc2+ 72. Kxa2
Kxg5 73. Kb3 Nxd4+ 74. Kxa3 Kf4 0-1

[Event "4NCL Division Three Bishops"]
[Site "Telford, ENG"]
[Date "2024.02.11"]
[Round "6.44"]
[White "Dos Santos Silva, Bruno Alexandre"]
[Black "Jones, Mark A"]
[Result "1-0"]
[WhiteElo "1799"]
[BlackElo "1779"]
[PlyCount "73"]
[EventDate "2024.02.11"]
[WhiteTeam "The MASCeteers"]
[BlackTeam "Brown Jack"]

1. d4 d5 2. Nc3 Nf6 3. Bf4 a6 4. e3 Bf5 5. f3 c5 6. g4 cxd4 7. exd4 Bg6 8. h4
h5 9. g5 Ng8 10. Bd3 Bxd3 11. Qxd3 e6 12. O-O-O Bd6 13. Nh3 Ne7 14. Rde1 Nbc6
15. g6 Nxg6 16. Rxe6+ fxe6 17. Qxg6+ Kd7 18. Bxd6 Kxd6 19. Ng5 Qf6 20. Nge4+
dxe4 21. Nxe4+ Ke7 22. Nxf6 gxf6 23. Qg7+ Kd6 24. c3 b5 25. d5 exd5 26. Qxf6+
Kc5 27. Re1 Raf8 28. b4+ Kb6 29. Qd6 Rxf3 30. Qc5+ Kb7 31. Re6 Rc8 32. Kb2 Rf5
33. a4 bxa4 34. b5 axb5 35. Qxb5+ Ka7 36. Rxc6 Rh8 37. Ra6# 1-0

[Event "4NCL Division Three Bishops"]
[Site "Telford, ENG"]
[Date "2024.02.11"]
[Round "6.45"]
[White "Pereslavtsev, Alexandr"]
[Black "Vaidyanathan, Sathya"]
[Result "1-0"]
[WhiteElo "1696"]
[BlackElo "1797"]
[PlyCount "73"]
[EventDate "2024.02.11"]
[WhiteTeam "Brown Jack"]
[BlackTeam "The MASCeteers"]

1. d4 d5 2. c4 e6 3. Nc3 Nf6 4. cxd5 exd5 5. Bg5 c6 6. e3 Be6 7. Bd3 Be7 8. Qc2
h6 9. Bh4 Nbd7 10. Nf3 Nb6 11. O-O O-O 12. Rab1 Nfd7 13. Bg3 Bg4 14. Nd2 Bh4
15. Bd6 Be7 16. Bxe7 Qxe7 17. h3 Be6 18. b4 a6 19. a4 Qg5 20. f4 Qe7 21. f5
Bxf5 22. Bxf5 Qxe3+ 23. Kh1 g6 24. Bxd7 Nxd7 25. Nf3 Qe7 26. b5 axb5 27. axb5
Ra7 28. bxc6 bxc6 29. Na4 Rfa8 30. Nc5 Ra2 31. Qc1 Qe2 32. Rg1 Nxc5 33. Qxc5
Rc2 34. Qd6 Rc3 35. Rbe1 Qc2 36. Qf6 Ra2 37. Re8+ 1-0